000 01848cam a2200445 a 4500
003 PE-LiUPU
005 20250731172926.0
008 850121q19001985flu r 000 0 eng d
035 _a(Sirsi) a203960
040 _aPRP
_bspa
_cPRP
_dOCLCG
_dSGB
_dOCLCQ
_dOCLCF
_dOCLCO
_dOCLCQ
_dPE-LiUPU
_erda
050 4 _aBT96
_b.S77
082 0 4 _a231.7
_bS77
_223
100 1 _aSpurgeon, C. H.
_q(Charles Haddon),
_d1834-1892,
_eautor.
245 1 0 _aSpurgeon on sovereignty /
_cC. H. Spurgeon.
264 1 _aMacDill AFB, Fla. :
_bTyndale Bible Society,
_c[19--]
300 _a110 páginas ;
_c22 centímetros
336 _atext
_2rdacontent
337 _aunmediated
_2rdamedia
338 _avolume
_2rdacarrier
505 0 _aLead us not into temptation -- Sovereignty and salvation -- The sure triumph of the Crucified One -- No illusion -- The royal prerogative -- The joy of Jesus -- The unconquerable King -- The anxious enquirer -- The heart of flesh -- Unwillingness to come to Christ -- The hand of God in the history of man -- Everywhere and yet forgotten.
526 _aSEG42
526 _aSEG41
526 _aSEG40
526 _aSEG39
526 _aP94
526 _aP87
526 _aP86
526 _aP85
526 _aP77
526 _aP76
526 _aP35
650 0 _aProvidencia divina.
910 _aebj
_bebj
_cjck
_d20170510
942 _2ddc
_cBOOK
949 _a231.7 S77
_wDEWEY
_c1
_i75928
_lCCODEBUL1
_mBUL
_p03.00
_r0
_sY
_tBOOK
_u2017-05-10
_xPOSGRADO
_PP85
_0DONACION
_o.STAFF. Colección General
994 _aC0
_bPEPRU
596 _a1
999 _a231.7 S77
_wDEWEY
_c20339
_i75928
_f2021-11-9
_g4
_lCCODEBUL1
_mBUL
_p3.00
_r0
_sY
_tBOOK
_u2017-5-10
_xTEOLOGIA
_PP85
_0COMPRA
_o.STAFF. Colección General
_d20339
980 _81
_gALBERTO SANCHEZ Responsable de Automatización